Laurence Olivier Award for Best Actress - Statistics

General Stats
  • This quiz has been taken 15 times
  • The average score is 8 of 30
Answer Stats
Year Actress % Correct
1996 Judi Dench
100%
1987 Judi Dench
100%
2013 Helen Mirren
75%
2004 Eileen Atkins
67%
1999 Eileen Atkins
67%
2014 Lesley Manville
50%
2001 Julie Walters
42%
2009 Margaret Tyzack
33%
2016 Denise Gough
25%
2002 Lindsay Duncan
25%
1986 Lindsay Duncan
25%
2012 Ruth Wilson
25%
1994 Fiona Shaw
17%
1990 Fiona Shaw
17%
2000 Janie Dee
17%
2008 Kristin Scott Thomas
17%
2015 Penelope Wilton
17%
1998 Zoë Wanamaker
17%
1993 Alison Steadman
8%
2006 Eve Best
8%
1997 Janet McTeer
8%
1992 Juliet Stevenson
8%
1991 Kathryn Hunter
8%
2007 Tamsin Greig
8%
2005 Clare Higgins
0%
2003 Clare Higgins
0%
1995 Clare Higgins
0%
2011 Nancy Carroll
0%
2010 Rachel Weisz
0%
1985 Yvonne Bryceland
0%
No matching quizzes found
Score Distribution
Percent of People with Each Score
Percentile by Number Answered
Your Score History
You have not taken this quiz